000 01299cam a22003254a 4500
999 _c41463
_d41463
001 14631594
003 OSt
005 20220524150731.0
008 061113s2007 at a b 001 0 eng
010 _a 2006938495
020 _a0495099635
040 _aDLC
_cDLC
_dDLC
050 0 0 _aBF201
_b.G35 2007
082 0 0 _a153
_222
_bGAL/C
100 1 _aGalotti, Kathleen M.,
_d1957-
_99036
245 1 0 _aCognitive psychology in and out of the laboratory /
_cKathleen M. Galotti.
246 3 _aCognitive psychology
250 _a4th ed.
260 _aAustralia :
_a[Belmont, CA] :
_bThomson/Wadsworth,
_cc2007.
300 _axix, 681p. :
_bill. ;
_c24 cm.
504 _aIncludes bibliographical references (p. 629-659) and indexes.
650 0 _aCognitive psychology.
650 0 _aCognition.
856 4 1 _3Table of contents only
_uhttp://www.loc.gov/catdir/toc/fy0714/2006938495.html
856 4 2 _3Contributor biographical information
_uhttp://www.loc.gov/catdir/enhancements/fy1104/2006938495-b.html
856 4 2 _3Publisher description
_uhttp://www.loc.gov/catdir/enhancements/fy1104/2006938495-d.html
906 _a7
_bcbc
_corignew
_d2
_eepcn
_f20
_gy-gencatlg
942 _2ddc
_cBK
_h153
_iGAL/C
_k153
_mGAL/C